00408nam a2200145Ia 4500008004100000082001000041082000800051245004100059245001800100260001800118300000900136942000800145999001900153952009000172231017s9999 xx 000 0 und d a557.9 bROS 0aGeology along US Highway 93 in Idaho 0cClyde P. Ross bClyde P. Ross c30cm cREP c603930d603930 00104070aNITbNITd2023-10-17l0o557.9 ROSpNIT-5496r2023-10-17w2023-10-17yREP